Statistics for Members of Stellar (Kpop)

Click here to take the quiz!

General Stats

  • This quiz has been taken 9 times
  • The average score is 4 of 6

Answer Stats

Answer % Correct
Gayoung
88%
Hyoeun
75%
Minhee
75%
Junyool
50%
JoA
50%
Leeseul
38%

Score Distribution

Percentile by Number Answered

Percent of People with Each Score

Your Score History

You have not taken this quiz